<?xml version="1.0" encoding="UTF-8"?>
<record
    xmlns:xsi="http://www.w3.org/2001/XMLSchema-instance"
    xsi:schemaLocation="http://www.loc.gov/MARC21/slim http://www.loc.gov/standards/marcxml/schema/MARC21slim.xsd"
    xmlns="http://www.loc.gov/MARC21/slim">

  <leader>01166nam a22002417a 4500</leader>
  <controlfield tag="005">20251125233031.0</controlfield>
  <controlfield tag="008">      s2550    th                  tha d</controlfield>
  <datafield tag="020" ind1=" " ind2=" ">
    <subfield code="a">9789743647109</subfield>
  </datafield>
  <datafield tag="040" ind1=" " ind2=" ">
    <subfield code="a">NALT</subfield>
  </datafield>
  <datafield tag="041" ind1=" " ind2=" ">
    <subfield code="a">tha</subfield>
  </datafield>
  <datafield tag="050" ind1=" " ind2=" ">
    <subfield code="a">DS 414.2</subfield>
    <subfield code="b">&#xE2A;693&#xE15; 2550</subfield>
  </datafield>
  <datafield tag="100" ind1="0" ind2=" ">
    <subfield code="a">&#xE2A;&#xE33;&#xE40;&#xE19;&#xE35;&#xE22;&#xE07; &#xE40;&#xE25;&#xE37;&#xE48;&#xE2D;&#xE21;&#xE43;&#xE2A;.</subfield>
    <subfield code="9">29041</subfield>
  </datafield>
  <datafield tag="245" ind1="1" ind2="0">
    <subfield code="a">&#xE15;&#xE32;&#xE21;&#xE23;&#xE2D;&#xE22;&#xE08;&#xE32;&#xE23;&#xE34;&#xE01;&#xE2D;&#xE34;&#xE19;&#xE40;&#xE14;&#xE35;&#xE22; &#xE40;&#xE19;&#xE1B;&#xE32;&#xE25; /</subfield>
    <subfield code="c">&#xE2A;&#xE33;&#xE40;&#xE19;&#xE35;&#xE22;&#xE07; &#xE40;&#xE25;&#xE37;&#xE48;&#xE2D;&#xE21;&#xE43;&#xE2A;</subfield>
  </datafield>
  <datafield tag="260" ind1=" " ind2=" ">
    <subfield code="a">&#xE01;&#xE23;&#xE38;&#xE07;&#xE40;&#xE17;&#xE1E;&#xE2F; : </subfield>
    <subfield code="b">&#xE42;&#xE23;&#xE07;&#xE1E;&#xE34;&#xE21;&#xE1E;&#xE4C;&#xE21;&#xE2B;&#xE32;&#xE08;&#xE38;&#xE2C;&#xE32;&#xE25;&#xE07;&#xE01;&#xE23;&#xE13;&#xE23;&#xE32;&#xE0A;&#xE27;&#xE34;&#xE17;&#xE22;&#xE32;&#xE25;&#xE31;&#xE22;, </subfield>
    <subfield code="c">2550</subfield>
  </datafield>
  <datafield tag="300" ind1=" " ind2=" ">
    <subfield code="a">175 &#xE2B;&#xE19;&#xE49;&#xE32; :</subfield>
    <subfield code="b">&#xE20;&#xE32;&#xE1E;&#xE1B;&#xE23;&#xE30;&#xE01;&#xE2D;&#xE1A;, &#xE41;&#xE1C;&#xE19;&#xE17;&#xE35;&#xE48; ;</subfield>
    <subfield code="c">21 &#xE0B;&#xE21;.</subfield>
  </datafield>
  <datafield tag="650" ind1=" " ind2="0">
    <subfield code="a">&#xE2A;&#xE31;&#xE07;&#xE40;&#xE27;&#xE0A;&#xE19;&#xE35;&#xE22;&#xE2A;&#xE16;&#xE32;&#xE19;</subfield>
    <subfield code="9">15300</subfield>
  </datafield>
  <datafield tag="651" ind1=" " ind2="4">
    <subfield code="9">31600</subfield>
    <subfield code="a">&#xE40;&#xE19;&#xE1B;&#xE32;&#xE25;</subfield>
    <subfield code="x">&#xE01;&#xE32;&#xE23;&#xE40;&#xE14;&#xE34;&#xE19;&#xE17;&#xE32;&#xE07;</subfield>
    <subfield code="x">&#xE41;&#xE07;&#xE48;&#xE28;&#xE32;&#xE2A;&#xE19;&#xE32;</subfield>
  </datafield>
  <datafield tag="651" ind1=" " ind2="4">
    <subfield code="9">31601</subfield>
    <subfield code="a">&#xE2D;&#xE34;&#xE19;&#xE40;&#xE14;&#xE35;&#xE22;</subfield>
    <subfield code="x">&#xE01;&#xE32;&#xE23;&#xE40;&#xE14;&#xE34;&#xE19;&#xE17;&#xE32;&#xE07;</subfield>
    <subfield code="x">&#xE41;&#xE07;&#xE48;&#xE28;&#xE32;&#xE2A;&#xE19;&#xE32;</subfield>
  </datafield>
  <datafield tag="850" ind1=" " ind2=" ">
    <subfield code="a">NALT</subfield>
  </datafield>
  <datafield tag="856" ind1="4" ind2="0">
    <subfield code="u">https://hdl.handle.net/20.500.14156/401927</subfield>
    <subfield code="7">1</subfield>
  </datafield>
  <datafield tag="942" ind1=" " ind2=" ">
    <subfield code="c">GB</subfield>
    <subfield code="0">2</subfield>
    <subfield code="2">lcc</subfield>
  </datafield>
  <datafield tag="998" ind1=" " ind2=" ">
    <subfield code="j">1020</subfield>
    <subfield code="k"> &#xE19;&#xE32;&#xE07;&#xE08;&#xE33;&#xE40;&#xE23;&#xE35;&#xE22;&#xE07;  &#xE23;&#xE30;&#xE27;&#xE31;&#xE07;&#xE2A;&#xE33;&#xE42;&#xE23;&#xE07;</subfield>
  </datafield>
  <datafield tag="999" ind1=" " ind2=" ">
    <subfield code="c">54887</subfield>
    <subfield code="d">54887</subfield>
  </datafield>
  <datafield tag="952" ind1=" " ind2=" ">
    <subfield code="0">0</subfield>
    <subfield code="1">0</subfield>
    <subfield code="4">0</subfield>
    <subfield code="7">0</subfield>
    <subfield code="8">CGBL</subfield>
    <subfield code="a">NALT</subfield>
    <subfield code="b">NALT</subfield>
    <subfield code="e">&#xE08;&#xE31;&#xE14;&#xE0B;&#xE37;&#xE49;&#xE2D;&#xE17;&#xE23;&#xE31;&#xE1E;&#xE22;&#xE32;&#xE01;&#xE23;</subfield>
    <subfield code="g">160.00</subfield>
    <subfield code="l">1</subfield>
    <subfield code="o">DS 414.2 &#xE2A;693&#xE15;  2550</subfield>
    <subfield code="p">3961171524</subfield>
    <subfield code="r">2017-08-17 00:00:00</subfield>
    <subfield code="s">2017-08-11</subfield>
    <subfield code="t">&#xE09;. 2</subfield>
    <subfield code="v">210.00</subfield>
    <subfield code="w">2017-06-09</subfield>
    <subfield code="y">GB</subfield>
  </datafield>
  <datafield tag="952" ind1=" " ind2=" ">
    <subfield code="0">0</subfield>
    <subfield code="1">0</subfield>
    <subfield code="4">0</subfield>
    <subfield code="7">0</subfield>
    <subfield code="8">CGBL</subfield>
    <subfield code="a">NALT</subfield>
    <subfield code="b">NALT</subfield>
    <subfield code="e">&#xE08;&#xE31;&#xE14;&#xE0B;&#xE37;&#xE49;&#xE2D;&#xE17;&#xE23;&#xE31;&#xE1E;&#xE22;&#xE32;&#xE01;&#xE23;</subfield>
    <subfield code="g">160.00</subfield>
    <subfield code="l">1</subfield>
    <subfield code="o">DS 414.2 &#xE2A;693&#xE15;  2550</subfield>
    <subfield code="p">3961171520</subfield>
    <subfield code="r">2017-08-11 00:00:00</subfield>
    <subfield code="s">2017-08-08</subfield>
    <subfield code="t">&#xE09;. 1</subfield>
    <subfield code="v">210.00</subfield>
    <subfield code="w">2017-06-09</subfield>
    <subfield code="y">GB</subfield>
  </datafield>
</record>
